Pamiatková obnova a adaptácia meštianskeho domu v Levoči

Uložené v:
Podrobná bibliografia
Hlavný autor: Mikušková, Anna (Autor)
Ďalší autori: Pauliny, Pavol (Vedúci práce)
Médium: Rukopis Kniha
Jazyk:Slovak
Vydavateľské údaje: 2025
Predmet:
On-line prístup:http://is.stuba.sk/zp/portal_zp.pl?podrobnosti=185372
Tagy: Pridať tag
Žiadne tagy, Buďte prvý, kto otaguje tento záznam!

MARC

LEADER 00000ntm a22000003a 4500
001 stuzp104825
003 SK-STU
005 20250607210847.7
007 ta
008 150427s2015----xo-----f-mn---000-0-slo-d
040 |a STU  |b slo 
041 0 |a slo 
100 1 |a Mikušková, Anna  |u 053130  |4 aut  |U FAD Fakulta architektúry a dizajnu  |T FAD Ústav dejín a teórie architektúry a obnovy pamiatok  |X 103551  |U A3130  |Y 394  |7 103551 
242 0 1 |a Historic restoration and adaptation of a town house in Levoča  |y eng 
245 1 0 |a Pamiatková obnova a adaptácia meštianskeho domu v Levoči 
260 |c 2025 
650 4 |a Levoča  |2 eng 
650 4 |a merchant house  |2 eng 
650 4 |a restoration of monuments  |2 eng 
650 4 |a meštiansky dom  |2 slo 
650 4 |a obnova pamiatok  |2 slo 
650 4 |a Levoča  |2 slo 
700 1 |a Pauliny, Pavol  |u 053130  |k Z1  |4 ths  |U FAD Fakulta architektúry a dizajnu  |T FAD Ústav dejín a teórie architektúry a obnovy pamiatok  |X 474  |U A3130  |Y 394  |7 474 
856 4 |u http://is.stuba.sk/zp/portal_zp.pl?podrobnosti=185372